01453nam a22003374a 4500001001200000003000800012006001900020007001500039008004100054010001700095020003600112020003600148040002100184035002100205050002700226100002500253245013200278260005000410300001600460504006700476533015200543650004300695650004700738650005800785650005800843655002900901700002500930710001700955856012600972999001701098ebr10017248CaPaEBRm u cr cn|||||||||990111s1998 enk sb 001 0 eng  z 99160585  z0750707879 (cased : alk. paper) z0750707860 (paper : alk. paper) aCaPaEBRcCaPaEBR a(OCoLC)23216128914aLB2822.75b.J44 1998eb1 aJeffrey, Bob,d1946-10aTesting teachersh[electronic resource] :bthe effect of school inspections on primary teachers /cBob Jeffrey and Peter Woods. aLondon ;aBristol, PA :bFalmer Press,c1998. avii, 184 p. aIncludes bibliographical references (p. 171-176) and indexes. aElectronic reproduction.bPalo Alto, Calif. :cebrary,d2013.nAvailable via World Wide Web.nAccess may be limited to ebrary affiliated libraries. 0aEducational evaluationzGreat Britain. 0aEducational accountabilityzGreat Britain. 0aElementary school teachersxRating ofzGreat Britain. 0aElementary school teacherszGreat BritainxAttitudes. 7aElectronic books.2local1 aWoods, Peter,d1934-2 aebrary, Inc.40uhttp://site.ebrary.com/lib/rucke/Doc?id=10017248zAn electronic book accessible through the World Wide Web; click to view c29051d29051